Statistics for 2024 AEW Roster

Click here to take the quiz!

General Stats

  • This quiz has been taken 44 times
    (3 since last reset)
  • The average score is 75 of 188

Answer Stats

Faction/Tag TeamMember% Correct
Undisputed KingdomAdam Cole
100%
Spanish Announce ProjectAngelico
100%
The EliteJack Perry
100%
Dark OrderJohn Silver
100%
The EliteKazuchika Okada
100%
N/AKenny Omega
100%
The EliteAdam 'Hangman' Page
67%
Dark OrderAlex Reynolds
67%
N/AAngelo Parker
67%
The AcclaimedAnthony Bowens
67%
N/AAubrey Edwards
67%
Bullet Club GoldAustin Gunn
67%
N/ABilly Gunn
67%
Mogul EmbassyBishop Kaun
67%
The EliteBrandon Cutler
67%
Mogul EmbassyBrian Cage
67%
House of BlackBrody King
67%
Blackpool Combat ClubBryan Danielson
67%
N/ABryan Keith
67%
House of BlackBuddy Matthews
67%
PatriarchyChristian Cage
67%
N/AChristopher Daniels
67%
Best FriendsChuck Taylor
67%
Blackpool Combat ClubClaudio Castagnoli
67%
Bullet Club GoldColten Gunn
67%
Top FlightDante Martin
67%
N/ADarby Allin
67%
Top FlightDarius Martin
67%
N/AEddie Kingston
67%
Dark OrderEvil Uno
67%
N/AExcalibur
67%
N/AHikaru Shida
67%
Private PartyIsiah Kassidy
67%
N/AJake Hager
67%
Bullet Club GoldJay White
67%
N/AJeff Hardy
67%
N/AJim Ross
67%
Blackpool Combat ClubJon Moxley
67%
Bullet Club GoldJuice Robinson
67%
House of BlackJulia Hart
67%
N/AKeith Lee
67%
PatriarchyKillswitch
67%
Don Callis FamilyKonosuke Takeshita
67%
The Golden EliteKota Ibushi
67%
N/AKris Statlander
67%
Don Callis Family and Aussie OpenKyle Fletcher
67%
N/ALeila Grey
67%
N/ALuther
67%
House of BlackMalakai Black
67%
Aussie OpenMark Davis
67%
Private PartyMarq Quen
67%
Young Bucks and The EliteMatthew Jackson
67%
N/AMatt Menard
67%
Undisputed KingdomMatt Taven
67%
The AcclaimedMax Caster
67%
The EliteMichael Nakazawa
67%
PatriarchyMother Wayne
67%
Dark OrderMr. Brodie Lee
67%
Dark OrderMr. Brodie Lee Jr
67%
Young Bucks and The EliteNicholas Jackson
67%
PatriarchyNick Wayne
67%
N/ANyla Rose
67%
N/AOrange Cassidy
67%
Death TrianglePAC
67%
Lucha Bros and Death TrianglePenta El zero M
67%
La Faccion IngobernalePreston Vance
67%
Mogul EmbassyPrince Nana
67%
Lucha Bros and Death TriangleRey Fenix
67%
N/ARiho
67%
La Faccion IngobernaleRush
67%
N/ASammy Guevara
67%
The OutcastsSaraya
67%
Spanish Announce ProjectSerpentico
67%
N/ASting
67%
N/AStu Grayson
67%
Mogul EmbassySwerve Strickland
67%
N/ATaz
67%
N/ATony Schiavone
67%
Best FriendsTrent Beretta
67%
The RighteousVincent
67%
Undisputed KingdomWardlow
67%
Blackpool Combat ClubWheeler Yuta
67%
N/AWill Ospreay
67%
N/AAaron Solo
33%
N/AAdam Copeland
33%
N/AAnna Jay
33%
N/AArn Anderson
33%
N/ABandido
33%
N/ABig Bill
33%
N/ABobby Cruise
33%
N/ABrandon Martinez
33%
N/ABritt Baker D.M.D.
33%
N/ABryce Remsburg
33%
N/ACarlos Cabrera
33%
FTRCash Wheeler
33%
N/AChris Jericho
33%
N/ADaniel Garcia
33%
FTRDax Harwood
33%
N/ADeonna Purrazzo
33%
N/ADiamante
33%
La Faccion IngobernableDralistico
33%
N/ADustin Rhodes
33%
The RighteousDutch
33%
N/AHarley Cameron
33%
N/AHook
33%
N/AJamie Hayter
33%
N/AJerry Lynn
33%
La Faccion IngobernableJose the Assistant
33%
N/AKiera Hogan
33%
N/AKommander
33%
N/ALee Johnson
33%
N/ALee Moriarty
33%
N/AMariah May
33%
N/AMatt Sydal
33%
N/AMercedes Martinez
33%
N/AMercedes Moné
33%
Undisputed KingdomMike Bennett
33%
N/AMike Santana
33%
N/AOrtiz
33%
N/APat Buck
33%
N/APaul Wight
33%
The WingmenPeter Avalon
33%
N/ARebel
33%
N/ARenee Paquette
33%
N/ARicky Starks
33%
Undisputed KingdomRoderick Strong
33%
The OutcastsRuby Soho
33%
N/ASarah Stock
33%
N/AStokely Hathaway
33%
N/ATay Melo
33%
The Butcher & The BladeThe Blade
33%
The Butcher & The BladeThe Butcher
33%
N/AThunder Rosa
33%
Mogul EmbassyToa Liona
33%
N/AToni Storm
33%
Varsity AthletesTony Nese
33%
N/AAbadon
0%
N/AAction Andretti
0%
N/AAlex Abrahantes
0%
N/AAlex Marvez
0%
N/AAlvaro Riojas
0%
N/AAnthony Ogogo
0%
N/AAr Fox
0%
N/AAri Daivari
0%
N/AAthena
0%
N/AColt Cabana
0%
N/ADanhausen
0%
N/AEmi Sakura
0%
N/AGriff Garrison
0%
N/AIan Riccaboni
0%
N/AJay Lethal
0%
N/AJeff Jarrett
0%
N/AJohnny TV
0%
N/AJosh Woods
0%
N/AJustin Roberts
0%
N/AKatsuyori Shibata
0%
N/AKip Sabian
0%
N/AKyle O'Reilly
0%
N/ALance Archer
0%
N/ALexy Nair
0%
N/ALeyla Hirsch
0%
N/AMadison Rayne
0%
N/AMarina Shafir
0%
N/AMark Briscoe
0%
N/AMark Henry
0%
N/AMark Sterling
0%
N/AMike Posey
0%
N/AMiro
0%
N/ANick Comoroto
0%
N/ANigel McGuinness
0%
N/APaige Vanzant
0%
N/APaul Turner
0%
N/APenelope Ford
0%
Don Callis FamilyPowerhouse Hobbs
0%
N/AQueen Aminata
0%
N/ARed Velvet
0%
N/ARick Knox
0%
N/ASamoa Joe
0%
N/ASatnam Singh
0%
N/AScorpio Sky
0%
N/ASerena Deeb
0%
N/AShawn Dean
0%
N/ASkye Blue
0%
N/ASonjay Dutt
0%
N/AStephon Smith
0%
N/ATaya Valkyrie
0%
N/AWillow Nightingale
0%
N/AYuka Sakazaki
0%

Score Distribution

Percentile by Number Answered

Percent of People with Each Score

Your Score History

You have not taken this quiz since the last reset